Statistics for Guess The NFL Legends Nickname

Click here to take the quiz!

General Stats

  • This quiz has been taken 42 times
  • The average score is 14 of 15

Answer Stats

HintAnswer% Correct
MegatronCalvin Johnson
100%
The Nigerian NightmareChristian Okoye
100%
PrimetimeDeion Sanders
100%
BroadwayJoe Namath
100%
BeastmodeMarshawn Lynch
100%
_____ IslandDarrelle Revis
95%
Too TallEd Jones
95%
The BusJerome Bettis
95%
Mean ___ ______Joe Greene
95%
SweetnessWalter Payton
90%
Night TrainDick Lane
86%
Minister of DefenseReggie White
86%
The SheriffPeyton Manning
76%
The FridgeWilliam Perry
76%
The FreakJevon Kearse
67%

Score Distribution

Percentile by Number Answered

Percent of People with Each Score

Your Score History

You have not taken this quiz